=LDR 00000nam 2200000 4500 =001 000708 =005 20250711031131 =035 ##$$a 0010-0725000576 =007 ta =008 250711################a##########0#ind## =020 ##$$a 978-623-307-464-3 =082 ##$$a 398.209 598 =084 ##$$a 398.209 598 LAL s =100 #$$a Lal ranjit =245 1#$$a Siapa yang takut dengan monster penjual permen? /$c Ranjit lal =250 ##$$a Cetakan kedua =260 ##$$a Rawamangun :$b Badan pengembangan dan pusat bahasa,$c 2022 =300 ##$$a 14 hlm. : $b Ilus. ; $c 21 cm. =650 #4$$a Cerita anak indonesia-terjemahan =650 #4$$a Literasi-bahan bacaan =990 ##$$a TBM04820482